Things That Are Black Quiz Stats

Quiz Updated Mar 16, 2015

Challenge
Share
Tweet
Score 0/16 Timer 05:00
0 Plays Today
% Correct
Black Cat
99.4%
Tire
99.1%
Black Bear
99%
Black Belt
98.9%
Ink
98.2%
Bowling Ball
97.4%
Crow
97.4%
Black Widow
97.1%
% Correct
Stapler
96.9%
Darth Vader
96.4%
Record
96.2%
Blackberries
96.1%
Coal
93.4%
Clarinet
91.4%
Olives
91.1%
Licorice
87.6%

You're not logged in!

Compare scores with friends on all Sporcle quizzes.
Sign Up with Email
OR
Log In

You Might Also Like...

Show Comments

Extras

Top Quizzes Today


Score Distribution

Your Account Isn't Verified!

In order to create a playlist on Sporcle, you need to verify the email address you used during registration. Go to your Sporcle Settings to finish the process.